Obálka Náhled e-knihy:
PDF Epub
Pro půjčování e-knih musíte být přihlášeni.
Jak si půjčit online?

Umění nemoci /

Představitel funkční medicíny nabízí nové myšlenkové nastavení: každý můžeme podpořit své zdraví a kvalitu života, i když jsme v těžké výchozí situaci.

Uloženo v:
Hlavní autor: Vojáček, Jan, 1981- (Autor)
Médium: E-kniha
Jazyk:Czech
Vydáno: V Brně : CPress, 2023
Vydání:1. vydání
Témata:
Tagy:
Žádné tagy
LEADER 02285nam a2200565 i 4500
001 311902
003 CZ PrSKC
005 20260601215713.0
007 ta
008 230317s2023 xr a e f 000 0 cze
015 |a cnb003507805 
020 |a 9788026444244  |q (brožováno) :  |c Kč 429,00 
035 |a (OCoLC)1378695766 
040 |a BOA001  |b cze  |e rda 
072 7 |a 613  |x Hygiena. Lidské zdraví  |2 Konspekt 
080 |a 613  |2 MRF 
080 |a 616-092.11  |2 MRF 
080 |a 159.9.016.1  |2 MRF 
080 |a 613.86:616  |2 MRF 
080 |a 615.8-022.214  |2 MRF 
080 |a (0.062)  |2 MRF 
100 1 |a Vojáček, Jan,  |d 1981-  |7 xx0241594  |4 aut 
245 1 0 |a Umění nemoci /  |c Jan Vojáček 
250 |a 1. vydání 
264 1 |a V Brně :  |b CPress,  |c 2023 
300 |a 231 stran :  |b barevné ilustrace ;  |c 21 cm 
336 |a text  |b txt  |2 rdacontent 
337 |a bez média  |b n  |2 rdamedia 
338 |a svazek  |b nc  |2 rdacarrier 
520 2 |a Představitel funkční medicíny nabízí nové myšlenkové nastavení: každý můžeme podpořit své zdraví a kvalitu života, i když jsme v těžké výchozí situaci. 
650 0 7 |a péče o zdraví  |7 ph124852  |2 czenas 
650 0 7 |a zdraví a nemoc  |7 ph158519  |2 czenas 
650 0 7 |a zdravý životní styl  |7 ph127592  |2 czenas 
650 0 7 |a mysl a tělo  |7 ph135558  |2 czenas 
650 0 7 |a psychosomatika  |7 ph124823  |2 czenas 
650 0 7 |a autoterapie  |7 ph221954  |2 czenas 
650 0 9 |a health care  |2 eczenas 
650 0 9 |a health and disease  |2 eczenas 
650 0 9 |a healthy lifestyle  |2 eczenas 
650 0 9 |a mind and body  |2 eczenas 
650 0 9 |a psychosomatics  |2 eczenas 
650 0 9 |a autotherapy  |2 eczenas 
655 7 |a populárně-naučné publikace  |7 fd131864  |2 czenas 
655 9 |a popular works  |2 eczenas 
900 |a ABA001  |b 19 
928 9 |a Albatros Media - CPress 
044 |a xr 
910 |a RBIT002 
998 |d 373446  |a https://core.palmknihy.cz/api/books/373446/cover?si64ra  |b https://core.palmknihy.cz/api/books/373446/cover/400?si64ra  |c https://core.palmknihy.cz/api/books/373446/cover/50?si64ra  |e 2032-12-31  |g 248  |i 9788026444244  |j https://core.palmknihy.cz/api/books/373446/preview.epub  |k https://core.palmknihy.cz/api/books/373446/preview.pdf  |l   |q 49  |r 1  |s https://www.palmknihy.cz/kniha/373446  |t ebook  |y 2023  |z 0 
999 |d 311900